000 00659nam a22001937a 4500
005 20251108171236.0
008 250721s1988 xx 000 0 ara d
082 1 4 _aم/219/جوز
100 1 _aإبن قيم الجوزيه، أبو عبد الله محمد بن أبي بكر
245 1 0 _aزاد المعاد في هدى خير العباد /
250 _aط16.
264 1 _aبيروت :
_bمؤسسة الرسالة،
_c1988.
300 _a5ج.
650 1 7 _aالسيرة النبوية
700 1 _aالأرنؤوط، شعيب
_eتحقيق
700 1 _aالأرنؤوط، عبد القادر
_eتحقيق
942 _2ddc
_cREF
999 _c60256
_d60256